000 01400cam a2200301 a 4500
001 15282189
003 ARRUPE
005 20240205110208.0
008 080430s2008 inu b 001 0deng
010 _a 2008019651
020 _a9780870612473 (pbk.)
020 _a0870612476 (pbk.)
035 _a(OCoLC)ocn227205802
040 _aDLC
_cDLC
_dBTCTA
_dOCLCG
_dCDX
_dWSL
_dYDXCP
_dDLC
050 0 0 _aBX1750.N44 S879
_bS83 2008
082 0 0 _a282.092
_aB
_222
100 1 _aStrange, Roderick.
_98730
245 1 0 _aJohn Henry Newman :
_ba mind alive /
_cRoderick Strange.
260 _aLondon :
_bDarton, Longman and Todd,
_cc2009.
300 _axiv, 174 p. ;
_c22 cm.
504 _aIncludes bibliographical references and index.
505 0 _aHave you read any Newman? -- Newman's path -- A mind alive -- Infallible authority -- Mary, the mother of Jesus -- Serving the laity -- Seeking church unity -- Strange providence -- Preaching a living faith -- Witness to holiness -- The flame of love.
600 1 0 _aNewman, John Henry,
_cSaint,
_d1801-1890.
_952363
856 4 1 _3Table of contents only
_uhttp://www.loc.gov/catdir/toc/ecip0818/2008019651.html
906 _a7
_bcbc
_corignew
_d1
_eecip
_f20
_gy-gencatlg
942 _2lcc
_cMONOGRAPH
999 _c131762
_d131762